[Event "59. BEM 2005"]
[Site "Dortmund"]
[Date "2005.03.08"]
[Round "5"]
[White "Gülicher, Michael"]
[Black "Ziemek, Gerhard"]
[Result "0-1"]
[WhiteElo "1540"]
[BlackElo "1694"]
[PlyCount "84"]
[EventDate "2005.??.??"]
[Source "SG Dortmund"]
[SourceDate "2004.12.16"]

1. e4 e5 2. Nf3 Nc6 3. Be2 Nf6 4. d3 Be7 5. O-O O-O 6. c3 d5 7. Nbd2 a6 8. b4
b5 9. Bb2 d4 10. a3 h6 11. Rc1 a5 12. cxd4 Nxd4 13. Nxd4 exd4 14. bxa5 Be6 15.
f4 c5 16. f5 Bd7 17. a4 Qxa5 18. axb5 Bxb5 19. Nc4 Qd8 20. Qd2 Nd7 21. Qf4 Bg5
22. Qg3 Bxc1 23. Bxc1 Bxc4 24. Bxh6 Qf6 25. Bg5 Qe5 26. Bf4 Qe7 27. e5 f6 28.
dxc4 fxe5 29. Bg5 Nf6 30. h4 Qd6 31. Bf3 Rae8 32. h5 Nh7 33. Bd5+ Kh8 34. f6
Nxf6 35. h6 g6 36. Bxf6+ Rxf6 37. Qg5 Ref8 38. Rxf6 Qxf6 39. Qg3 Qf1+ 40. Kh2
Qf4 41. Qxf4 Rxf4 42. Kh3 Kh7 0-1

[Event "59. BEM 2005"]
[Site "Dortmund"]
[Date "2005.03.08"]
[Round "5"]
[White "Sroka, Andreas"]
[Black "Raskin, Vitali"]
[Result "0-1"]
[WhiteElo "1230"]
[BlackElo "1670"]
[PlyCount "32"]
[EventDate "2005.??.??"]
[Source "SG Dortmund"]
[SourceDate "2004.12.16"]

1. e4 e5 2. Nf3 Nc6 3. d3 Nf6 4. g3 Be7 5. Bg2 O-O 6. O-O d6 7. Be3 Bg4 8. h3
Be6 9. Nh2 d5 10. Qc1 d4 11. Bd2 h6 12. f4 exf4 13. Bxf4 Nh5 14. g4 Nxf4 15.
Qxf4 Bg5 16. Qf2 Be3 0-1

[Event "59. BEM 2005"]
[Site "Dortmund"]
[Date "2005.03.08"]
[Round "5"]
[White "Kolodziej, Dennis"]
[Black "Schaefer, Ulrich"]
[Result "1-0"]
[WhiteElo "1644"]
[BlackElo "1475"]
[PlyCount "65"]
[EventDate "2005.??.??"]
[Source "SG Dortmund"]
[SourceDate "2004.12.16"]

1. c4 e5 2. Nc3 Nf6 3. Nf3 Nc6 4. d3 Bc5 5. g3 d6 6. Bg2 Be6 7. Ng5 Bg4 8. h3
Bd7 9. O-O h6 10. Nge4 Bb6 11. a3 Nxe4 12. Nxe4 Be6 13. b4 f5 14. Nc3 Qd7 15.
Kh2 O-O 16. b5 Ne7 17. Bxb7 Rab8 18. Bg2 f4 19. e3 fxg3+ 20. fxg3 Rxf1 21. Qxf1
Rf8 22. Qe1 Qe8 23. Bd2 Rf6 24. Qe2 Qf7 25. Ne4 Rg6 26. Rf1 Qe8 27. Bf3 Qd7 28.
h4 d5 29. cxd5 Bxd5 30. h5 Re6 31. Bg4 Bxe4 32. dxe4 g6 33. Qf2 1-0

[Event "59. BEM 2005"]
[Site "Dortmund"]
[Date "2005.03.08"]
[Round "5"]
[White "Noori, Mir Ahmad"]
[Black "Werner, Patrick"]
[Result "1/2-1/2"]
[WhiteElo "1627"]
[BlackElo "1425"]
[PlyCount "93"]
[EventDate "2005.??.??"]
[Source "SG Dortmund"]
[SourceDate "2004.12.16"]

1. d4 Nf6 2. Nf3 d5 3. e3 Bg4 4. Be2 e6 5. Nbd2 Nbd7 6. a3 Bd6 7. b3 O-O 8. Bb2
c6 9. O-O Qc7 10. Rc1 Ne4 11. h3 Bxf3 12. Nxf3 Rac8 13. c4 Rfe8 14. b4 dxc4 15.
Bxc4 Nb6 16. Bd3 Nf6 17. Qc2 h6 18. Rfd1 Qe7 19. Nd2 Nfd7 20. Ne4 Bb8 21. g3 e5
22. Nc5 exd4 23. Bxd4 Ne5 24. Be4 Nec4 25. Qb3 Nd6 26. Bg2 Nf5 27. Ne4 Nxd4 28.
Rxd4 Be5 29. Rd3 Rcd8 30. Rcd1 Rxd3 31. Rxd3 Rd8 32. Nc5 Rxd3 33. Qxd3 a5 34.
Qb3 axb4 35. Qxb4 Bd6 36. Qxb6 Bxc5 37. Qa5 Bxa3 38. Qa8+ Kh7 39. Qa4 Qb4 40.
Qc2+ g6 41. h4 Qc5 42. Qe4 Bb2 43. Bf3 Qe5 44. Qb4 Qb5 45. Qe7 Kg7 46. Qd7 Qb6
47. h5 1/2-1/2

[Event "59. BEM 2005"]
[Site "Dortmund"]
[Date "2005.03.08"]
[Round "5"]
[White "Dieckmann, Rudolf"]
[Black "Krause, Dieter"]
[Result "0-1"]
[WhiteElo "1573"]
[BlackElo "1835"]
[PlyCount "80"]
[EventDate "2005.??.??"]
[Source "SG Dortmund"]
[SourceDate "2004.12.16"]

1. e4 d5 2. exd5 Qxd5 3. Nc3 Qa5 4. d4 c6 5. Nf3 Nf6 6. Bd2 Qc7 7. Bc4 Bf5 8.
O-O e6 9. Re1 Be7 10. a3 O-O 11. b4 Nbd7 12. Ne2 Bg4 13. Ng3 Rad8 14. c3 e5 15.
Qb3 Bxf3 16. gxf3 Bd6 17. Nf5 exd4 18. Nxd6 Qxd6 19. cxd4 Nb6 20. Be3 Nxc4 21.
Qxc4 Nd5 22. Kh1 Qf6 23. Qe2 Nc3 24. Qc2 Qxf3+ 25. Kg1 Nd5 26. Qe2 Qh3 27. Qf1
Qxf1+ 28. Kxf1 Rfe8 29. Rac1 f6 30. Rc5 Re6 31. Rc2 Kf7 32. Ke2 Rde8 33. Kf3
Re4 34. Ree2 f5 35. Rcd2 f4 36. Rd3 fxe3 37. fxe3 Nf4 38. Rdd2 Nxe2 39. Rxe2 g5
40. h3 h5 0-1

[Event "59. BEM 2005"]
[Site "Dortmund"]
[Date "2005.03.08"]
[Round "5"]
[White "Sellin, Reinhard"]
[Black "Rzoczek, Christoph"]
[Result "1-0"]
[WhiteElo "1509"]
[BlackElo "1607"]
[PlyCount "93"]
[EventDate "2005.??.??"]
[Source "SG Dortmund"]
[SourceDate "2004.12.16"]

1. d4 d5 2. Nf3 Nf6 3. c3 Nbd7 4. e3 e6 5. Bd3 c5 6. b3 a6 7. a4 Bd6 8. O-O O-O
9. Nbd2 Qc7 10. Bb2 e5 11. e4 Nxe4 12. Bxe4 dxe4 13. Nxe4 Be7 14. Ba3 Rd8 15.
Qe1 b6 16. d5 Nf6 17. c4 Bf5 18. Nfd2 Nh5 19. Ng3 Nxg3 20. fxg3 Bd3 21. Rf3 Bg6
22. Bb2 Bd6 23. Ne4 Bxe4 24. Qxe4 f6 25. g4 Rf8 26. Rh3 h6 27. Rf3 Rf7 28. h4
Raf8 29. Raf1 Qd7 30. Bc1 b5 31. Qg6 f5 32. Rxf5 Rxf5 33. Rxf5 Rxf5 34. gxf5
bxa4 35. bxa4 Qf7 36. Qxd6 Qxf5 37. Qe6+ Qxe6 38. dxe6 Kf8 39. Be3 Ke7 40.
Bxc5+ Kxe6 41. Kf2 g6 42. Be3 h5 43. Kf3 Kf5 44. a5 e4+ 45. Ke2 Ke5 46. g3 Kf5
47. Bg5 1-0

[Event "59. BEM 2005"]
[Site "Dortmund"]
[Date "2005.03.08"]
[Round "5"]
[White "Riemann, Kai"]
[Black "Gennat, Egon L"]
[Result "1-0"]
[WhiteElo "1593"]
[BlackElo "1287"]
[PlyCount "61"]
[EventDate "2005.??.??"]
[Source "SG Dortmund"]
[SourceDate "2004.12.16"]

1. Nf3 d5 2. g3 Nf6 3. d3 e6 4. Bg2 Be7 5. Nbd2 O-O 6. O-O Bd7 7. a3 c5 8. c4
Bc6 9. Rb1 Nbd7 10. b4 b6 11. b5 Bb7 12. Bb2 d4 13. Qc2 Qc7 14. Rfe1 Rab8 15.
e3 e5 16. exd4 cxd4 17. Bxd4 Bd6 18. Bb2 Rfe8 19. Ng5 Nf8 20. Rbd1 Bxg2 21.
Kxg2 Ng6 22. Nge4 Qb7 23. f3 Nxe4 24. Nxe4 Bc7 25. d4 f5 26. Nf2 e4 27. fxe4
fxe4 28. Nxe4 Bd8 29. d5 Qf7 30. Nd6 Nf4+ 31. gxf4 1-0

[Event "59. BEM 2005"]
[Site "Dortmund"]
[Date "2005.03.08"]
[Round "5"]
[White "Wiemann, Peter"]
[Black "Schoppe, Hans-Werner"]
[Result "1/2-1/2"]
[WhiteElo "1581"]
[BlackElo "1201"]
[PlyCount "82"]
[EventDate "2005.??.??"]
[Source "SG Dortmund"]
[SourceDate "2004.12.16"]

1. e4 e6 2. Nf3 b6 3. d4 Ba6 4. Bd3 Bxd3 5. Qxd3 d5 6. O-O c5 7. Nc3 c4 8. Qe2
Ne7 9. Rd1 Nbc6 10. Bf4 a6 11. Bg3 b5 12. a3 Ra7 13. Ng5 h6 14. Nh3 Qb6 15.
exd5 Nxd4 16. Qe3 Nef5 17. Qe4 Re7 18. dxe6 Qb7 19. exf7+ Kxf7 20. Qxb7 Rxb7
21. Rd2 b4 22. Ne2 Nxe2+ 23. Rxe2 Nxg3 24. hxg3 bxa3 25. bxa3 Rb2 26. Nf4 g5
27. Nd5 Bg7 28. Re7+ Kg6 29. c3 Rhb8 30. Re6+ Kh7 31. Rxa6 R8b3 32. Rc1 Rb1 33.
Rxb1 Rxb1+ 34. Kh2 Rb3 35. a4 Bxc3 36. Rc6 Be1 37. Rxc4 Bxf2 38. Rc3 Rb1 39.
Kh3 h5 40. Rc7+ Kg6 41. Rc6+ Kg7 1/2-1/2

[Event "59. BEM 2005"]
[Site "Dortmund"]
[Date "2005.03.08"]
[Round "5"]
[White "Gegner, Michael"]
[Black "Duschek, Günter"]
[Result "1-0"]
[WhiteElo "1397"]
[BlackElo "1719"]
[PlyCount "49"]
[EventDate "2005.??.??"]
[Source "SG Dortmund"]
[SourceDate "2004.12.16"]

1. d4 Nf6 2. Nc3 d5 3. e4 dxe4 4. f3 exf3 5. Nxf3 Bg4 6. h3 Bxf3 7. Qxf3 c6 8.
Be3 e6 9. Bd3 Bb4 10. O-O Bxc3 11. bxc3 Qd5 12. Qf2 Nbd7 13. c4 Qa5 14. g4 h6
15. a4 O-O 16. Qh4 Qd8 17. Bxh6 gxh6 18. Qxh6 Qc7 19. Kg2 Qa5 20. g5 Qd2+ 21.
Rf2 Qe3 22. Re1 Qxd4 23. gxf6 Nxf6 24. Rxf6 Rfe8 25. Qh7+ 1-0

[Event "59. BEM 2005"]
[Site "Dortmund"]
[Date "2005.03.08"]
[Round "5"]
[White "Benke, Werner"]
[Black "Baier, Jörg"]
[Result "0-1"]
[WhiteElo "1648"]
[BlackElo "1401"]
[PlyCount "88"]
[EventDate "2005.??.??"]
[Source "SG Dortmund"]
[SourceDate "2004.12.16"]

1. e4 e5 2. f4 Bc5 3. Nf3 d6 4. Bc4 Nf6 5. d3 Bg4 6. Qe2 Nc6 7. c3 Na5 8. Bb5+
c6 9. Ba4 b5 10. Bc2 Nb7 11. Be3 Bxe3 12. Qxe3 Bxf3 13. Qxf3 exf4 14. O-O Nc5
15. Qxf4 Ne6 16. Qf3 Qb6+ 17. Kh1 O-O 18. Nd2 c5 19. Qg3 Nh5 20. Qg4 g6 21. Nf3
Nhg7 22. Ng5 Nxg5 23. Qxg5 Rae8 24. Bb3 c4 25. Bc2 Re5 26. Qg4 cxd3 27. Bxd3
Qe3 28. Rf3 Qg5 29. Qxg5 Rxg5 30. Bxb5 Rxb5 31. b3 Re5 32. Rd3 Rd8 33. Rd4 Ne6
34. Ra4 Rd7 35. Re1 d5 36. Rd1 Nc5 37. Rad4 Rxe4 38. Kg1 Rxd4 39. Rxd4 Ne6 40.
Rd1 d4 41. c4 a5 42. Kf2 Nc5 43. Kf3 f5 44. Re1 d3 0-1

[Event "59. BEM 2005"]
[Site "Dortmund"]
[Date "2005.03.08"]
[Round "5"]
[White "Raszelenberg, Patrick"]
[Black "Rutmann, Ulrich"]
[Result "1-0"]
[WhiteElo "1585"]
[BlackElo "1379"]
[PlyCount "57"]
[EventDate "2005.??.??"]
[Source "SG Dortmund"]
[SourceDate "2004.12.16"]

1. e4 d6 2. d4 g6 3. Nc3 Bg7 4. f4 Nf6 5. e5 dxe5 6. fxe5 Nd5 7. Bc4 Nxc3 8.
bxc3 O-O 9. Nf3 Bf5 10. O-O Nd7 11. Ng5 Nb6 12. Bb3 Qd7 13. Qe1 Qc6 14. Bd2 Nc4
15. Qe2 Nxd2 16. Qxd2 Bh6 17. Kh1 Kg7 18. h4 f6 19. Rae1 fxg5 20. hxg5 Bxg5 21.
Qxg5 e6 22. Kh2 Qxc3 23. d5 h6 24. Qh4 Rae8 25. Rf3 Qc5 26. dxe6 Bxc2 27. Rxf8
Rxf8 28. e7 Re8 29. Qf6+ 1-0

[Event "59. BEM 2005"]
[Site "Dortmund"]
[Date "2005.03.08"]
[Round "5"]
[White "Ruchay, Dietrich"]
[Black "Krüger, Inge"]
[Result "1-0"]
[WhiteElo "1460"]
[BlackElo "1307"]
[PlyCount "85"]
[EventDate "2005.??.??"]
[Source "SG Dortmund"]
[SourceDate "2004.12.16"]

1. Nf3 Nf6 2. d4 d5 3. c4 e6 4. Nc3 Be7 5. Bg5 Nbd7 6. e3 O-O 7. Bd3 h6 8. Bxf6
Nxf6 9. O-O c6 10. Rc1 dxc4 11. Bxc4 Bd6 12. h3 Bd7 13. e4 Bb4 14. Re1 Rc8 15.
a3 Bxc3 16. Rxc3 a6 17. b4 b5 18. Bb3 a5 19. Ne5 Be8 20. Qd3 axb4 21. axb4 Qe7
22. Rc5 Qb7 23. Rec1 Rc7 24. d5 Nd7 25. Nxd7 Bxd7 26. dxe6 Bxe6 27. Bxe6 fxe6
28. Qd6 Re8 29. Rxc6 Rxc6 30. Qxc6 Qxc6 31. Rxc6 Kf7 32. e5 Rd8 33. Rc5 Rd5 34.
Rc7+ Kg6 35. Rc5 Kf5 36. Rxd5 exd5 37. f4 g5 38. g3 gxf4 39. gxf4 d4 40. Kf2
Ke6 41. Ke2 Kd5 42. Kd3 h5 43. h4 1-0

[Event "59. BEM 2005"]
[Site "Dortmund"]
[Date "2005.03.08"]
[Round "5"]
[White "Hast, Stefan"]
[Black "Mueller, Siegfried"]
[Result "0-1"]
[WhiteElo "1131"]
[BlackElo "1434"]
[PlyCount "82"]
[EventDate "2005.??.??"]
[Source "SG Dortmund"]
[SourceDate "2004.12.16"]

1. e4 c5 2. Nf3 Nc6 3. Bb5 d6 4. c3 Bd7 5. d4 cxd4 6. Nxd4 Nf6 7. f3 e6 8. Nxc6
Bxc6 9. Qa4 Qb6 10. Bxc6+ Qxc6 11. Qxc6+ bxc6 12. Bg5 Be7 13. Nd2 O-O 14. f4 h6
15. Bxf6 Bxf6 16. O-O-O d5 17. e5 Be7 18. Nb3 c5 19. Kc2 Rac8 20. Rhf1 c4 21.
Nd4 Bc5 22. b3 Bxd4 23. cxd4 cxb3+ 24. Kxb3 Rc4 25. Kb2 Rb8+ 26. Ka1 Rbb4 27.
f5 Rxd4 28. fxe6 Rxd1+ 29. Rxd1 fxe6 30. Rb1 Rxb1+ 31. Kxb1 Kf7 32. g4 g5 33.
Kc2 Ke8 34. Kc3 Kd7 35. Kd4 Kc6 36. h3 Kb6 37. a4 a5 38. Kc3 Kc5 39. Kd3 d4 40.
Kd2 Kd5 41. Kd3 Kxe5 0-1

[Event "59. BEM 2005"]
[Site "Dortmund"]
[Date "2005.03.08"]
[Round "5"]
[White "Schrimpl, Michael"]
[Black "Pachura, Karl-Heinz"]
[Result "1-0"]
[WhiteElo "1414"]
[BlackElo "1274"]
[PlyCount "109"]
[EventDate "2005.??.??"]
[Source "SG Dortmund"]
[SourceDate "2004.12.16"]

1. c4 c5 2. Nc3 Nf6 3. g3 g6 4. Bg2 Bg7 5. Nf3 d6 6. O-O Nc6 7. a3 a6 8. Rb1
O-O 9. b4 Be6 10. d3 h6 11. b5 axb5 12. Rxb5 Rb8 13. Bd2 Qd7 14. Qc1 Kh7 15.
Rd1 Nd4 16. Nxd4 cxd4 17. Nd5 Nxd5 18. Bxd5 Bh3 19. Qb2 e6 20. Bxb7 Bg4 21. f3
Bh3 22. a4 Qc7 23. Rc1 e5 24. a5 Bd7 25. Rb6 Bc8 26. a6 Bxb7 27. Rxb7 Rxb7 28.
Qxb7 Qxb7 29. axb7 Rb8 30. Rb1 Bf8 31. Ba5 Be7 32. Bc7 Rxb7 33. Rxb7 Kg7 34.
Rb6 Kf6 35. Bxd6 Ke6 36. Bxe7+ Kxe7 37. c5 Kd7 38. Kf2 Kc7 39. Rf6 h5 40. e3
Kd7 41. exd4 exd4 42. Rd6+ Kc7 43. f4 f6 44. Rxf6 Kd7 45. Rxg6 Kc7 46. Rd6 h4
47. f5 hxg3+ 48. hxg3 Kb7 49. f6 Kc7 50. f7 Kc8 51. g4 Kc7 52. f8=Q Kb7 53. Qd8
Ka7 54. Qc7+ Ka8 55. Rd8# 1-0

[Event "59. BEM 2005"]
[Site "Dortmund"]
[Date "2005.03.08"]
[Round "5"]
[White "Koch, Roland"]
[Black "Kuckelke, Jürgen"]
[Result "1/2-1/2"]
[WhiteElo "1399"]
[BlackElo "1263"]
[PlyCount "66"]
[EventDate "2005.??.??"]
[Source "SG Dortmund"]
[SourceDate "2004.12.16"]

1. c4 c5 2. Nc3 Nc6 3. e3 Nf6 4. Nf3 g6 5. d4 cxd4 6. exd4 d5 7. c5 Bg7 8. Bb5
O-O 9. Bxc6 bxc6 10. Ne5 Qc7 11. f3 Nd7 12. Nxd7 Qxd7 13. b4 Qe6+ 14. Ne2 Ba6
15. Bb2 Rab8 16. a3 Bc4 17. Kf2 Bxe2 18. Qxe2 Qxe2+ 19. Kxe2 a6 20. Kd3 e6 21.
Ra2 h5 22. Bc3 Rb7 23. Rb1 Rfb8 24. Re2 a5 25. Reb2 axb4 26. Bxb4 Kf8 27. Bc3
Rxb2 28. Rxb2 Rxb2 29. Bxb2 Ke8 30. f4 Bf6 31. Bc1 Bd8 32. Bd2 Kd7 33. a4 Kc7
1/2-1/2

[Event "59. BEM 2005"]
[Site "Dortmund"]
[Date "2005.03.08"]
[Round "5"]
[White "Krüger, Sven"]
[Black "Ludwig, Erwin"]
[Result "1-0"]
[WhiteElo "1233"]
[BlackElo "1437"]
[PlyCount "48"]
[EventDate "2005.??.??"]
[Source "SG Dortmund"]
[SourceDate "2004.12.16"]

1. e4 d6 2. d4 g6 3. c4 Bg7 4. Nc3 Nf6 5. Bg5 O-O 6. Qd2 Nbd7 7. Bh6 c5 8. Bxg7
Kxg7 9. d5 b6 10. Bd3 Ne5 11. Nge2 Ba6 12. b3 Bc8 13. f4 Nxd3+ 14. Qxd3 e6 15.
h3 Re8 16. O-O-O e5 17. Rdf1 Bd7 18. Qg3 a6 19. Rf2 b5 20. Rhf1 b4 21. fxe5 Nh5
22. Rxf7+ Kg8 23. Qe3 bxc3 24. Qh6 Ng7 1-0

[Event "59. BEM 2005"]
[Site "Dortmund"]
[Date "2005.03.10"]
[Round "6"]
[White "Gorval, Evgueni"]
[Black "Henrichs, Thomas"]
[Result "0-1"]
[WhiteElo "2121"]
[BlackElo "2394"]
[PlyCount "142"]
[EventDate "2005.??.??"]
[Source "SG Dortmund"]
[SourceDate "2004.12.16"]

1. e4 c5 2. Nf3 d6 3. d4 cxd4 4. Nxd4 Nf6 5. Nc3 a6 6. Be2 e6 7. O-O Be7 8. Be3
Qc7 9. Qd2 b5 10. f3 Nbd7 11. a4 b4 12. Na2 d5 13. e5 Nxe5 14. Nxb4 Bd6 15. g3
Bb7 16. b3 O-O 17. Rac1 Ng6 18. c4 Bxg3 19. f4 Ne4 20. cxd5 Qe7 21. Qd3 Qxb4
22. Qxe4 Bxd5 23. Qd3 Bh4 24. Bf3 Rfd8 25. Bxd5 Rxd5 26. Qe4 Bf6 27. Rc4 Qd6
28. b4 Ne7 29. b5 Bxd4 30. Rxd4 f5 31. Rxd5 Nxd5 32. Qd4 axb5 33. axb5 Qa3 34.
Bc1 Qa7 35. Bb2 Kf7 36. Rc1 Qxd4+ 37. Bxd4 Rb8 38. b6 h6 39. h4 Nxb6 40. Rc7+
Kg6 41. Rc6 Nd5 42. Rxe6+ Kh5 43. Re5 Nxf4 44. Rxf5+ Kg4 45. Re5 Kxh4 46. Re4
g5 47. Bg7 h5 48. Kh2 Kg4 49. Re5 Rb2+ 50. Kg1 Re2 51. Ra5 Re6 52. Kh2 h4 53.
Be5 Nd3 54. Bc7 Rc6 55. Ra4+ Kh5 56. Bd8 Rc2+ 57. Kg1 h3 58. Ra3 Rg2+ 59. Kf1
Rg3 60. Ra2 Re3 61. Kg1 Ne5 62. Bc7 Re1+ 63. Kh2 Kh4 64. Bxe5 Rxe5 65. Ra4+ g4
66. Rb4 Re2+ 67. Kh1 Kg3 68. Rb3+ Kf4 69. Rb4+ Kf3 70. Rb3+ Re3 71. Rb8 Re1+
0-1

[Event "59. BEM 2005"]
[Site "Dortmund"]
[Date "2005.03.10"]
[Round "6"]
[White "Schiefelbusch, Dirk"]
[Black "Eismont, Igor"]
[Result "1/2-1/2"]
[WhiteElo "2061"]
[BlackElo "2174"]
[PlyCount "95"]
[EventDate "2005.??.??"]
[Source "SG Dortmund"]
[SourceDate "2004.12.16"]

1. b4 e5 2. Bb2 Bxb4 3. Bxe5 Nf6 4. c4 O-O 5. Nf3 Re8 6. e3 d5 7. a3 Ba5 8.
cxd5 Nxd5 9. Be2 Bg4 10. Bb2 c5 11. O-O Nc6 12. Nc3 Nxc3 13. Bxc3 Bxc3 14. dxc3
Qf6 15. Qc2 Bf5 16. Qb2 b6 17. Rfd1 Be4 18. Nd2 Bd5 19. Bf3 Rad8 20. Qc2 Bxf3
21. Nxf3 g6 22. h3 Na5 23. e4 Qe6 24. e5 Nc4 25. Rxd8 Rxd8 26. Re1 h6 27. a4
Kg7 28. h4 a6 29. Qe4 Nd2 30. Nxd2 Rxd2 31. Re2 Rd5 32. Re1 b5 33. axb5 axb5
34. g3 c4 35. Re3 Rd1+ 36. Re1 Rd3 37. Re3 Rd1+ 38. Re1 Rd5 39. Re3 Kf8 40. Re1
Ke7 41. Qe3 Qf5 42. e6 fxe6 43. Qxh6 Qf6 44. Qe3 Kf7 45. Qa7+ Qe7 46. Qe3 Qf6
47. Qa7+ Qe7 48. Qe3 1/2-1/2

[Event "59. BEM 2005"]
[Site "Dortmund"]
[Date "2005.03.10"]
[Round "6"]
[White "Kartsev, Soel"]
[Black "Kalikhman, Grigorij"]
[Result "1-0"]
[WhiteElo "2158"]
[BlackElo "2017"]
[PlyCount "63"]
[EventDate "2005.??.??"]
[Source "SG Dortmund"]
[SourceDate "2004.12.16"]

1. e4 e6 2. d4 d5 3. e5 c5 4. c3 Qb6 5. Nf3 Bd7 6. Bd3 Bb5 7. dxc5 Bxc5 8. O-O
Bxd3 9. Qxd3 Qc7 10. b4 Bb6 11. a4 a6 12. a5 Ba7 13. b5 axb5 14. Na3 Bc5 15.
Nxb5 Qc6 16. Ba3 Rxa5 17. Bxc5 Qxb5 18. Qxb5+ Rxb5 19. Ra8 Rxc5 20. Rxb8+ Ke7
21. Rb1 Rc7 22. R1xb7 Rxb7 23. Rxb7+ Ke8 24. Ng5 h6 25. Nxf7 Rh7 26. Nd6+ Kd8
27. Rb8+ Kd7 28. Rxg8 g5 29. g4 h5 30. Ne8 Kc6 31. Nf6 Rc7 32. gxh5 1-0

[Event "59. BEM 2005"]
[Site "Dortmund"]
[Date "2005.03.10"]
[Round "6"]
[White "Tkachuk, Konstantyn"]
[Black "Litwak, Aleksej"]
[Result "1/2-1/2"]
[WhiteElo "1871"]
[BlackElo "2092"]
[PlyCount "77"]
[EventDate "2005.??.??"]
[Source "SG Dortmund"]
[SourceDate "2004.12.16"]

1. e4 c5 2. Nf3 e6 3. d4 cxd4 4. Nxd4 Nf6 5. Nc3 Nc6 6. Nxc6 bxc6 7. e5 Nd5 8.
Ne4 Qc7 9. f4 Qb6 10. c4 Bb4+ 11. Ke2 Ba6 12. Kf3 f5 13. Nf2 Ne7 14. Be3 Bc5
15. Bxc5 Qxc5 16. Qd6 Qb6 17. b3 c5 18. Rd1 Rd8 19. Be2 Bb7+ 20. Ke3 Nc8 21.
Qxb6 axb6 22. Bf3 Bxf3 23. gxf3 d5 24. exd6 Rxd6 25. Rxd6 Nxd6 26. Nd3 Ke7 27.
Ne5 Nf7 28. Nxf7 Kxf7 29. Rd1 Ke7 30. Rg1 Rg8 31. Rg2 Kf6 32. h4 Ke7 33. Rd2
Rf8 34. Rg2 Rg8 35. Rd2 g6 36. Rd1 h6 37. Rg1 Kf6 38. Rd1 Ke7 39. Rg1 1/2-1/2

[Event "59. BEM 2005"]
[Site "Dortmund"]
[Date "2005.03.10"]
[Round "6"]
[White "Naundorf, Maik"]
[Black "Hein, Erwin"]
[Result "1/2-1/2"]
[WhiteElo "2075"]
[BlackElo "1966"]
[PlyCount "131"]
[EventDate "2005.??.??"]
[Source "SG Dortmund"]
[SourceDate "2004.12.16"]

1. Nf3 d5 2. c4 c6 3. e3 e6 4. b3 Nf6 5. Bb2 Bd6 6. Nc3 O-O 7. Qc2 e5 8. cxd5
cxd5 9. Nb5 Nc6 10. Nxd6 Qxd6 11. Bb5 Re8 12. Rc1 Bd7 13. Qc5 Qb8 14. O-O a6
15. Be2 b6 16. Qc2 Qd6 17. Qb1 e4 18. Nd4 Ne5 19. h3 Ng6 20. Qc2 Rac8 21. Qd1
b5 22. Rxc8 Rxc8 23. Qa1 Nh4 24. Rc1 Ne8 25. Rxc8 Bxc8 26. Qf1 Nc7 27. f4 exf3
28. Nxf3 Nxf3+ 29. Qxf3 Bd7 30. Bd3 Ne8 31. Qh5 h6 32. Qe5 Qxe5 33. Bxe5 f6 34.
Bb8 Kf7 35. Kf2 Ke6 36. Bh7 Bc6 37. h4 Nd6 38. Bg8+ Ke7 39. d3 Nf7 40. g3 Ne5
41. Ke2 Nd7 42. Bc7 Kf8 43. Be6 Ke7 44. Bh3 g6 45. Kd2 h5 46. Kc3 f5 47. Kd4
Bb7 48. Bg2 Ke6 49. Bf3 Bc6 50. Bd1 Bb7 51. b4 Bc6 52. Bb3 Ba8 53. a4 bxa4 54.
Bxa4 Bb7 55. b5 axb5 56. Bxb5 Nf6 57. Bd8 Nd7 58. Bg5 Ne5 59. Bf4 Nd7 60. Bxd7+
Kxd7 61. Ke5 Ke7 62. Bg5+ Kf7 63. Kd6 Ba6 64. Kxd5 Bxd3 65. Ke5 Be4 66. Bh6
1/2-1/2

[Event "59. BEM 2005"]
[Site "Dortmund"]
[Date "2005.03.10"]
[Round "6"]
[White "Raabe, Heinz"]
[Black "Tkachuk, Sergiy"]
[Result "0-1"]
[WhiteElo "1858"]
[BlackElo "2128"]
[PlyCount "96"]
[EventDate "2005.??.??"]
[Source "SG Dortmund"]
[SourceDate "2004.12.16"]

1. d4 Nf6 2. c4 g6 3. Nc3 Bg7 4. e4 d6 5. f3 O-O 6. Be3 e5 7. d5 Ne8 8. Bd3 f5
9. Qd2 f4 10. Bf2 g5 11. O-O-O a5 12. Kb1 Na6 13. Be2 Nc5 14. h4 gxh4 15. Bxh4
Bf6 16. Bf2 Rf7 17. g4 fxg3 18. Bxg3 Rg7 19. Bf2 Bg5 20. Be3 Bxe3 21. Qxe3 Qg5
22. Qxg5 Rxg5 23. Nh3 Rg7 24. Nf2 Bd7 25. Rdg1 Nf6 26. Rxg7+ Kxg7 27. Nd3 Nxd3
28. Bxd3 Rg8 29. Ne2 h5 30. f4 Kh6 31. f5 Rg4 32. Kc1 Be8 33. Rg1 Kg5 34. Kd2
Rxg1 35. Nxg1 Kf4 36. Nh3+ Kg3 37. Ng5 h4 38. Bf1 Bh5 39. Ke3 Bg4 40. Ne6 Bf3
41. Ng5 Bg2 42. Be2 h3 43. Nxh3 Kxh3 44. a3 Kg3 45. Bd3 Ng4+ 46. Kd2 Kf4 47. b4
axb4 48. axb4 Bxe4 0-1

[Event "59. BEM 2005"]
[Site "Dortmund"]
[Date "2005.03.10"]
[Round "6"]
[White "Ziperstein, Jakob"]
[Black "Goldschmidt, Christian"]
[Result "0-1"]
[WhiteElo "1902"]
[BlackElo "2070"]
[PlyCount "124"]
[EventDate "2005.??.??"]
[Source "SG Dortmund"]
[SourceDate "2004.12.16"]

1. e4 e5 2. Nf3 Nc6 3. Bb5 a6 4. Ba4 Nf6 5. Nc3 b5 6. Bb3 Be7 7. d3 d6 8. h3
Na5 9. Be3 O-O 10. O-O Nd7 11. Nd5 Bb7 12. Nxe7+ Qxe7 13. Bg5 Qe8 14. Nh2 Nxb3
15. axb3 f5 16. f3 f4 17. Bh4 g5 18. Be1 c5 19. Qd2 b4 20. Qe2 Qe6 21. Bd2 h5
22. Kf2 Rf7 23. Ke1 Rg7 24. Qf2 Nb8 25. Kd1 Nc6 26. Be1 Nd4 27. Qd2 a5 28. Bf2
Nb5 29. Ke2 Bc6 30. Ra2 a4 31. Rfa1 a3 32. bxa3 Nc3+ 33. Ke1 Nxa2 34. Rxa2 bxa3
35. Qc3 Bb5 36. Kd1 Rga7 37. Be1 Qf7 38. Ke2 Bd7 39. Qd2 Be6 40. Kf1 Qg6 41.
Qe2 Rg7 42. Bc3 Qe8 43. Ra1 Qb5 44. Rd1 Rb7 45. Ba1 a2 46. Kg1 Bxb3 47. cxb3
Qxb3 48. Nf1 Qxd1 49. Qxd1 Rb1 50. Qc2 Rxa1 51. Qb3+ Kf8 52. Qe6 Rxf1+ 53. Kh2
Rh1+ 54. Kxh1 a1=Q+ 55. Kh2 Qa6 56. Qf6+ Ke8 57. Qe6+ Kd8 58. Qg8+ Kc7 59. Qf7+
Kb6 60. Qd7 Qxd3 61. Qf7 g4 62. hxg4 hxg4 0-1

[Event "59. BEM 2005"]
[Site "Dortmund"]
[Date "2005.03.09"]
[Round "6"]
[White "Hillebrand, Carsten"]
[Black "Szyszka, Arkadiusz"]
[Result "1-0"]
[WhiteElo "1941"]
[BlackElo "1865"]
[PlyCount "97"]
[EventDate "2005.??.??"]
[Source "SG Dortmund"]
[SourceDate "2004.12.16"]

1. c4 c5 2. Nf3 Nc6 3. d4 cxd4 4. Nxd4 Nf6 5. Nc3 g6 6. e4 d6 7. Be2 Bg7 8. Be3
O-O 9. O-O Ne5 10. f3 a6 11. Qd2 Bd7 12. Rac1 Nc6 13. Nc2 Ne5 14. a4 Be6 15. b3
Kh8 16. Rfd1 Nfd7 17. Nd4 Nc6 18. Nc2 a5 19. Qe1 b6 20. Nb5 Nc5 21. Ncd4 Bd7
22. Rb1 Nxd4 23. Nxd4 f5 24. exf5 gxf5 25. Bd3 Nxd3 26. Rxd3 f4 27. Bf2 Qe8 28.
Ne6 Rg8 29. Rbd1 Be5 30. Bd4 Bxd4+ 31. Rxd4 Qf7 32. Re4 Qf6 33. Qe2 Rac8 34.
Re1 d5 35. Rxf4 Qc3 36. Nd4 Rg7 37. Qe5 Rcg8 38. Rf7 Qb2 39. Rxg7 Rxg7 40. Re2
Qc1+ 41. Kf2 Bh3 42. g4 Qa1 43. Kg3 Bxg4 44. fxg4 Qg1+ 45. Rg2 Qa1 46. Nf3 Qd1
47. Rd2 Qb1 48. Rxd5 h6 49. Qf5 1-0

[Event "59. BEM 2005"]
[Site "Dortmund"]
[Date "2005.03.10"]
[Round "6"]
[White "Zeldin, Vitali"]
[Black "Ewers, Christian"]
[Result "1-0"]
[WhiteElo "1918"]
[BlackElo "1671"]
[PlyCount "87"]
[EventDate "2005.??.??"]
[Source "SG Dortmund"]
[SourceDate "2004.12.16"]

1. e4 Nf6 2. e5 Nd5 3. d4 d6 4. Nf3 Bg4 5. Be2 Nc6 6. O-O e6 7. c4 Nb6 8. exd6
cxd6 9. Nc3 d5 10. c5 Nc8 11. a3 Be7 12. b4 Bf6 13. Be3 O-O 14. Rc1 N8e7 15. h3
Bxf3 16. Bxf3 Nf5 17. Ne2 a6 18. Qd2 Nxe3 19. fxe3 Bg5 20. Rc3 f5 21. Rb1 Rc8
22. Nf4 Qf6 23. g3 Bxf4 24. gxf4 Kh8 25. b5 axb5 26. Rxb5 Rc7 27. Rcb3 g5 28.
Qh2 Rff7 29. Kf1 Rg7 30. Bg2 Qh6 31. Rd3 g4 32. Qh1 gxh3 33. Qxh3 Qxh3 34. Bxh3
h5 35. Kf2 Kg8 36. Rd1 Kf7 37. Rh1 Kf6 38. Bf1 Rh7 39. Rh4 Rh6 40. Be2 Rch7 41.
Ke1 Rh8 42. Rxb7 Ra8 43. Rb6 Na5 44. a4 1-0